Мировая художественная культура, Учебно-методическое пособие

Dettagli Bibliografici
Autore principale: С. В. Никифорова
Riassunto:Книга находится в премиум-версии платформы «Русский как иностранный».
Представлены учебно-методические материалы для обучения по базовым, вариативным и интегрированным курсам бакалавриата и специалитета. Для преподавателей и студентов, занимающихся по курсу дисциплин Б3.В.5.1 «Мировая художественная культура», Б3.Б.3.3 «История искусств», Б3.В.5.3 «Художественная культура Востока», Б3.В.5.4 «История зарубежного искусства», Б3.В.ОД.6 «Искусство театра», Б3.В.7 «История кино», Б3.Б.6.3 «Методика обучения мировой художественной культуре» и Б3.ДВ.9.2 «Методика преподавания предметов эстетического цикла» в качестве дополнительного материала при чтении лекций и проведении семинаров, а также в ходе подготовки к практическим занятиям, самостоятельной работе, зачетам и экзаменам для специалистов и бакалавров гуманитарных направлений: 51.03.01 «Культурология», 51.03.02 «Народная художественная культура», 44.03.05 «Педагогическое образование» и др.
Pubblicazione: Саратов, Вузовское образование, 2018
Soggetti:
Accesso online:Перейти к просмотру издания
Natura: MixedMaterials Elettronico

MARC

LEADER 00000 a2200000 4500
001 RU/ROS-EDU.RU/72347
856 4 |u https://www.ros-edu.ru/book?id=72347  |z Перейти к просмотру издания 
010 |a 978-5-4487-0126-9 
100 |a 20180101d2018 |||y0rusy0250  
105 |a y z 000zy 
101 0 |a rus 
102 |a RU 
200 1 |a Мировая художественная культура  |b Электронный ресурс  |e Учебно-методическое пособие  |f С. В. Никифорова 
700 1 |b С. В.  |a Никифорова  |4 070 
330 |a Представлены учебно-методические материалы для обучения по базовым, вариативным и интегрированным курсам бакалавриата и специалитета. Для преподавателей и студентов, занимающихся по курсу дисциплин Б3.В.5.1 «Мировая художественная культура», Б3.Б.3.3 «История искусств», Б3.В.5.3 «Художественная культура Востока», Б3.В.5.4 «История зарубежного искусства», Б3.В.ОД.6 «Искусство театра», Б3.В.7 «История кино», Б3.Б.6.3 «Методика обучения мировой художественной культуре» и Б3.ДВ.9.2 «Методика преподавания предметов эстетического цикла» в качестве дополнительного материала при чтении лекций и проведении семинаров, а также в ходе подготовки к практическим занятиям, самостоятельной работе, зачетам и экзаменам для специалистов и бакалавров гуманитарных направлений: 51.03.01 «Культурология», 51.03.02 «Народная художественная культура», 44.03.05 «Педагогическое образование» и др. 
210 |a Саратов  |c Вузовское образование  |d 2018 
610 1 |a художественная культура 
610 1 |a искусство 
610 1 |a мировая культура 
610 1 |a зарубежное искусство 
610 1 |a театр 
610 1 |a кино 
675 |a 7 
686 |a 85.0  |2 rubbk 
300 |a Книга находится в премиум-версии платформы «Русский как иностранный». 
215 |a 157 с.